[Event "GER-chT U16"]
[Site "Naumburg"]
[Date "2010.12.29"]
[Round "5.4"]
[White "Sander, Dan Allan"]
[Black "Bodden, Daniel"]
[Result "1/2-1/2"]
[WhiteElo "1659"]
[BlackElo "1393"]
[PlyCount "91"]
[EventDate "2010.12.27"]
[EventType "team-swiss"]
[EventRounds "7"]
[EventCountry "GER"]
[SourceTitle "CBM 140 Extra"]
[Source "ChessBase"]
[SourceDate "2011.03.01"]
[SourceVersion "1"]
[SourceVersionDate "2011.03.01"]
[SourceQuality "1"]
[WhiteTeam "Hamburger SK"]
[BlackTeam "Heinsberg"]
[WhiteTeamCountry "GER"]
[BlackTeamCountry "GER"]

1. c4 e5 2. g3 Nf6 3. Bg2 Nc6 4. Nc3 Bb4 5. a3 Bxc3 6. bxc3 0-0 7. d3 Re8 8. Qc2 d6 9. Rb1 Qe7 10. e4 Rb8 11. Ne2 Bg4 12. f3 Be6 13. 0-0 Qd7 14. f4 Bh3 15. f5 Bxg2 16. Kxg2 h6 17. h3 Qe7 18. g4 Nd7 19. Ng3 Nf6 20. g5 hxg5 21. Bxg5 Kf8 22. Kh1 Qd7 23. Qf2 Nh7 24. Bh4 f6 25. Rg1 Qf7 26. Rg2 Ke7 27. Rbg1 Rh8 28. Nf1 Rbg8 29. Ne3 Ng5 30. Qg3 Qh5 31. Bxg5 Qxh3+ 32. Rh2 Qxh2+ 33. Qxh2 Rxh2+ 34. Kxh2 Rh8+ 35. Kg3 fxg5 36. Kg4 Na5 37. Nd5+ Kd7 38. f6 gxf6 39. Kf5 Rf8 40. Rh1 c6 41. Nxf6+ Ke7 42. Rh6 g4 43. Rh7+ Rf7 44. Rxf7+ Kxf7 45. Nxg4 Nb3 46. Nf2 1/2-1/2

[Event "GER-chT U16"]
[Site "Naumburg"]
[Date "2010.12.27"]
[Round "1.4"]
[White "Xu, Xianliang"]
[Black "Bodden, Daniel"]
[Result "1-0"]
[WhiteElo "1963"]
[BlackElo "1393"]
[PlyCount "57"]
[EventDate "2010.12.27"]
[EventType "team-swiss"]
[EventRounds "7"]
[EventCountry "GER"]
[SourceTitle "CBM 140 Extra"]
[Source "ChessBase"]
[SourceDate "2011.03.01"]
[SourceVersion "1"]
[SourceVersionDate "2011.03.01"]
[SourceQuality "1"]
[WhiteTeam "Bebenhausen"]
[BlackTeam "Heinsberg"]
[WhiteTeamCountry "GER"]
[BlackTeamCountry "GER"]

1. e4 c5 2. Nf3 Nc6 3. c3 Nf6 4. e5 Nd5 5. d4 e6 6. c4 Nb6 7. d5 exd5 8. cxd5 Nxe5 9. Nxe5 Qe7 10. Qe2 Nxd5 11. Nf3 b6 12. a3 Bb7 13. Bd2 Rd8 14. Nc3 Nf6 15. 0-0-0 Qxe2 16. Bxe2 Be7 17. Bg5 0-0 18. Bxf6 Bxf6 19. Nd5 Rfe8 20. Nxf6+ gxf6 21. Bb5 a6 22. Bxd7 Re2 23. Bf5 Rxd1+ 24. Rxd1 Rxf2 25. Rd2 Rf1+ 26. Kc2 Bxf3 27. Bd3 Bd1+ 28. Rxd1 Rxd1 29. Kxd1 1-0

[Event "GER-chT U16"]
[Site "Verden an der Aller"]
[Date "2009.12.29"]
[Round "5.4"]
[White "Mehler, Simon"]
[Black "Bodden, Daniel"]
[Result "1/2-1/2"]
[WhiteElo "1483"]
[BlackElo "1359"]
[PlyCount "76"]
[EventDate "2009.12.27"]
[EventType "team-swiss"]
[EventRounds "7"]
[EventCountry "GER"]
[SourceTitle "EXT 2022"]
[Source "ChessBase"]
[SourceDate "2021.10.06"]
[SourceVersion "1"]
[SourceVersionDate "2021.10.06"]
[SourceQuality "1"]
[WhiteTeam "Porz SG U16"]
[BlackTeam "Heinsberg U16"]
[WhiteTeamCountry "GER"]
[BlackTeamCountry "GER"]

1. e4 c5 2. Nf3 a6 3. d4 cxd4 4. Nxd4 Nf6 5. Nc3 e5 6. Nf3 Bb4 7. Bd2 0-0 8. Bd3 Nc6 9. 0-0 d6 10. h3 Be6 11. Re1 Qc7 12. Ng5 Nd4 13. Ne2 Nxe2+ 14. Rxe2 Bxd2 15. Qxd2 Nh5 16. Nxe6 fxe6 17. Bc4 Nf4 18. Re3 Rac8 19. Bb3 Qf7 20. Rf3 Qg6 21. Rg3 Qxe4 22. Re1 Qf5 23. Qxd6 Nxh3+ 24. Kh2 Rc6 25. Qxe5 Qxe5 26. Rxe5 Nxf2 27. Bxe6+ Kh8 28. Bd5 Rxc2 29. Re7 g6 30. Rxb7 Nd1 31. Ra3 a5 32. Be4 Rxb2 33. Rd7 Nf2 34. Rf3 Rxf3 35. Bxf3 Rxa2 36. Rd8+ Kg7 37. Rd7+ Kh6 38. Kg3 Ng4 1/2-1/2